[Event "Oberliga Ost A9798"]
[Site "Germany"]
[Date "1997.??.??"]
[Round "?.7"]
[White "Hoffmann, Hendrik"]
[Black "Hoepfl, Thomas"]
[Result "1/2-1/2"]
[WhiteElo "2265"]
[BlackElo "2215"]

1.e4 d6 2.d4 Nf6 3.Nc3 c6 4.Nf3 Bg4 5.Be2 e6 6.O-O Be7 7.Bf4 d5 8.exd5 Nxd5
9.Nxd5 cxd5 10.Bxb8 Bxf3 11.Be5 Bxe2 12.Qxe2 O-O 13.Qg4 Bf6 14.Rae1 Rc8 15.c3 Bxe5
16.Rxe5 b5 17.f4 b4 18.cxb4 Qb6 19.f5 Rc4 20.fxe6 fxe6 21.Qxe6+ Qxe6 22.Rxe6 Rxb4
23.Rxf8+ Kxf8 24.b3 Rxd4 25.Kf2 Rd2+ 26.Re2 Rd1 27.Rc2 a5 28.Ke2 Ra1 29.Kd3 Ke7
30.Rc7+ Kf6 31.a4 Rg1 32.Rc2 Ke5 33.Re2+ Kd6 34.Rc2 Rb1 35.Kc3 Kc5 36.Rf2 Rc1+
37.Kd2 Ra1 38.Kc3 Rc1+ 39.Kd2 Ra1 40.Kc3 Rg1 41.Kc2 Kd4  1/2-1/2

[Event "Oberliga Ost B9798"]
[Site "Germany"]
[Date "1997.??.??"]
[Round "?.4"]
[White "Langheinrich, Ferenc"]
[Black "Nill, Jessica"]
[Result "1-0"]
[WhiteElo "2210"]
[BlackElo "2140"]

1.e4 d6 2.d4 Nf6 3.Nc3 c6 4.f3 g6 5.Be3 Nbd7 6.Qd2 Qa5 7.g4 Bg7 8.h4 h5 9.g5 Nh7
10.Nge2 b5 11.Ng3 Nb6 12.b3 Nf8 13.f4 b4 14.Nce2 c5 15.Bg2 c4 16.a3 c3 17.Qc1 Bb7
18.O-O d5 19.f5 dxe4 20.f6 exf6 21.gxf6 Bxf6 22.Rxf6  1-0

[Event "Oberliga Ost B9798"]
[Site "Germany"]
[Date "1997.??.??"]
[Round "?.5"]
[White "Fischer, Dieter"]
[Black "Nill, Jessica"]
[Result "0-1"]
[WhiteElo "2185"]
[BlackElo "2140"]

1.e4 d6 2.d4 Nf6 3.Nc3 c6 4.Nf3 g6 5.Bg5 Bg7 6.h3 Qa5 7.Qd2 Nbd7 8.O-O-O O-O
9.Kb1 e5 10.dxe5 dxe5 11.Qd6 Qc5 12.Be3 Qxd6 13.Rxd6 Re8 14.Be2 Bf8 15.Rd2 Bb4
16.Bd3 Nb6 17.Bg5 Nfd7 18.Be3 Kg7 19.Re2 Bxc3 20.bxc3 Na4 21.Bd2 Ndb6 22.Ka1 f6
23.Rb1 Be6 24.Rb4 Red8 25.Be3 c5 26.Rxa4 Nxa4 27.c4 b5  0-1

[Event "Oberliga Ost A9798"]
[Site "Germany"]
[Date "1997.??.??"]
[Round "?.5"]
[White "Becker, Michael"]
[Black "Bergmann, Andy"]
[Result "1/2-1/2"]
[WhiteElo "2295"]
[BlackElo "2195"]

1.e4 d6 2.d4 Nf6 3.Nc3 c6 4.Nf3 Qa5 5.Bd3 Bg4 6.h3 Bxf3 7.Qxf3 Nbd7 8.O-O e5
9.Be3 Be7 10.Ne2 O-O 11.Ng3 g6 12.c3 Rfe8 13.b4 Qc7 14.Qd1 d5 15.Qb3 Bf8
16.Rfe1 exd4 17.Bxd4 c5 18.bxc5 Nxc5 19.Qc2 Nfxe4 20.Bxe4 Nxe4 21.Nxe4 dxe4
22.Rxe4 Bg7 23.Rae1 Rxe4 24.Qxe4 Rd8 25.Qh4 Bxd4 26.cxd4 Qd6  1/2-1/2

[Event "BL2-W9697"]
[Site "Germany"]
[Date "1997.??.??"]
[Round "?.6"]
[White "Koscielski, Janusch"]
[Black "Burkart, Patrick"]
[Result "1/2-1/2"]
[WhiteElo "2185"]
[BlackElo "2345"]

1.d4 d6 2.e4 Nf6 3.Nc3 c6 4.f4 Qa5 5.e5 Ne4 6.Qf3 Nxc3 7.Bd2 Bf5 8.Bd3 e6
9.Bxc3 Qd5 10.Qxd5 cxd5 11.Bxf5 exf5 12.Ne2 Nc6 13.O-O-O O-O-O 14.b3 g6 15.Bb2 Bh6
16.g3 Rhe8 17.Kb1 f6 18.e6 Rxe6 19.Nc3 Ne7 20.Rde1 Kd7 21.Rxe6 Kxe6 22.h4 a6
23.a4 Kd7 24.Re1 Rg8 25.Bc1 Bf8 26.Bd2 h5 27.Kb2 Bh6 28.Rh1 Rg7 29.Rh2 Kc6
30.Na2 Kd7 31.Nc3 Rg8 32.Rh1 Rb8 33.Re1 Bg7 34.Ra1 Rc8 35.Re1 Re8 36.Re2 Nc6
37.Rxe8 Kxe8 38.Be3 Ne7 39.b4 Kd7 40.Kb3 Bf8 41.b5 Ke6 42.Kb4 axb5 43.Kxb5 Nc8
44.a5 Be7 45.a6 bxa6+ 46.Kxa6 Bd8 47.Kb7 Nb6 48.Kc6 Nc4 49.Bf2 g5 50.hxg5 fxg5
51.fxg5 Bxg5 52.Nb5 Bd8 53.Be1 Na5+ 54.Bxa5 Bxa5 55.Nxd6 Be1 56.c4 dxc4 57.Nxc4 Bxg3
58.d5+ Kf6 59.d6 Bh4 60.Kd5 Kg5 61.Ne5 Kh6 62.Ke6 f4 63.d7 Kg7 64.Kf5 Bd8  1/2-1/2

[Event "BL2-W9697"]
[Site "Germany"]
[Date "1997.??.??"]
[Round "?.7"]
[White "Matthaei, Alexander"]
[Black "Burkart, Patrick"]
[Result "1-0"]
[WhiteElo "2385"]
[BlackElo "2345"]

1.e4 d6 2.d4 Nf6 3.Nc3 c6 4.f4 Qa5 5.Bd3 e5 6.Nf3 Bg4 7.Be3 exd4 8.Bxd4 Qb4
9.Bxf6 gxf6 10.Qd2 Bxf3 11.gxf3 Nd7 12.O-O Bh6 13.a3 Qd4+ 14.Kh1 O-O-O 15.Ne2 Qe5
16.Bc4 d5 17.Ba2 Qxb2 18.Rfb1 Qxa3 19.Nd4 Qc5 20.exd5 Nb6 21.c4 Nxc4 22.Bxc4 Qxc4
23.Qb2 b5 24.Nxc6 Qxf4 25.Nxa7+ Kd7 26.Qxb5+ Ke7 27.Nc6+ Kf8 28.Qc5+ Qd6
29.Qxd6+ Rxd6 30.Ra8+ Kg7 31.Rxh8 Kxh8 32.Rb8+ Kg7 33.Ne7 Rd7 34.Rg8+  1-0

[Event "BL2-O9697"]
[Site "Germany"]
[Date "1997.??.??"]
[Round "?.6"]
[White "Held, Markus"]
[Black "Mirschinka, Dirk"]
[Result "1/2-1/2"]
[WhiteElo "2235"]
[BlackElo "2265"]

1.e4 d6 2.d4 Nf6 3.Nc3 e5 4.dxe5 dxe5 5.Qxd8+ Kxd8 6.Bc4 Ke8 7.Nf3 Bd6 8.Be3 a6
9.a4 Nbd7 10.O-O-O h6 11.h3 g6 12.g4  1/2-1/2

[Event "Bundesliga 9697"]
[Site "Germany"]
[Date "1997.??.??"]
[Round "?.4"]
[White "Gabriel, Christian"]
[Black "Hickl, Joerg"]
[Result "1/2-1/2"]
[WhiteElo "2570"]
[BlackElo "2575"]

1.d4 d6 2.e4 Nf6 3.Nc3 e5 4.Nf3 Nbd7 5.Bc4 Be7 6.O-O O-O 7.a4 c6 8.Re1 Qc7
9.Ba2 b6 10.dxe5 dxe5 11.Nh4 Nc5 12.Qf3 Be6 13.Nf5 Bxa2 14.Rxa2 Ne6 15.Ne2 Rfd8
16.Neg3 Ne8  1/2-1/2

[Event "Bundesliga 9798"]
[Site "Germany"]
[Date "1997.??.??"]
[Round "?.4"]
[White "Baumegger, Siegfried"]
[Black "Lorenz, Gerd"]
[Result "1-0"]
[WhiteElo "2485"]
[BlackElo "2305"]

1.e4 d6 2.d4 Nf6 3.Nc3 e5 4.Nf3 Nbd7 5.Bc4 Be7 6.O-O O-O 7.Re1 c6 8.a4 b6
9.h3 a6 10.Ba2 Rb8 11.Qe2 b5 12.axb5 axb5 13.Bg5 Nh5 14.Be3 Nhf6 15.Bb3 b4
16.Nb1 Nxe4 17.dxe5 d5 18.Bf4 Ndc5 19.Nbd2 Ne6 20.Bh2 N4c5 21.Nf1 Qb6 22.Ne3 Ba6
23.Qd1 Ne4 24.Nd2 Nxd2 25.Qxd2 Bg5 26.Qd1 Rbd8 27.Nf5 g6 28.h4 gxf5 29.hxg5 c5
30.c3 bxc3 31.bxc3 d4 32.Rb1 dxc3 33.Qh5 Bd3 34.Bxe6 Bxb1 35.g6 hxg6 36.Qxg6+ Kh8
37.Qh6+ Kg8 38.Qg6+ Kh8 39.Qh6+ Kg8 40.Bxf7+ Kxf7 41.Qxb6 c2 42.Qf6+  1-0

[Event "Oberliga Ost A9798"]
[Site "Germany"]
[Date "1997.??.??"]
[Round "?.6"]
[White "Hartwig, Maik"]
[Black "Hermannsdoerfer, Frank"]
[Result "1-0"]
[WhiteElo "2175"]
[BlackElo "2110"]

1.d4 Nf6 2.Nc3 d6 3.e4 e5 4.dxe5 dxe5 5.Qxd8+ Kxd8 6.Bg5 Be6 7.Nf3 Nd7 8.Rd1 Kc8
9.a3 Bd6 10.Bb5 a6 11.Bxd7+ Nxd7 12.Be3 h6 13.Nd5 Rd8 14.c4 a5 15.O-O a4
16.Rfe1 Ra6 17.Rc1 Rc6 18.Red1 Bg4 19.c5 Bf8 20.Nb4 Bxf3 21.Nxc6 Bxe4 22.Nxd8 Kxd8
23.Rd2 Bc6 24.Rc3 Ke7 25.b4 axb3 26.Rxb3 Ke6 27.Rc3 Nf6 28.Rc1 Nd5 29.Rb2 f5
30.g3 g5 31.a4 f4 32.Bd2 e4 33.a5 Bg7 34.Ra2 e3 35.fxe3 fxe3 36.Bxe3 Nxe3
37.Re2 Bd4 38.Rce1 Kf5 39.Rxe3 Bxc5 40.Kf1 Bb5+ 41.Kg2 Bxe3 42.Rxe3 b6 43.Rc3 Kf6
44.Rxc7 bxa5 45.Rc5 Bd7 46.Rxa5 h5 47.Ra6+ Kf5 48.Kf3 Bc8 49.Rb6 Be6 50.Rb5+ Kf6
51.Rb4 Bh3 52.Rb6+ Kf5 53.Rh6 Bg4+ 54.Ke3 Ke5 55.h3 Bd1 56.Rh8 Kf5 57.Kd4 Kf6
58.Kd5 Bb3+ 59.Kd6 Bf7 60.Rf8 h4 61.g4 Kg7 62.Rxf7+  1-0

[Event "BL2-O9697"]
[Site "Germany"]
[Date "1997.??.??"]
[Round "?.2"]
[White "Siepelt, Heiner"]
[Black "Roesch, Arnd"]
[Result "1/2-1/2"]
[WhiteElo "2340"]
[BlackElo "2345"]

1.e4 d6 2.d4 Nf6 3.Nc3 e5 4.Nf3 Nbd7 5.Bc4 Be7 6.O-O O-O 7.Re1 c6 8.a4 b6
9.d5 Bb7 10.dxc6 Bxc6 11.Bg5 Rc8 12.Bxf6 Nxf6 13.Qd3 Qc7 14.Bb3 Qb7 15.Rad1 a6
16.Bc4 Ra8 17.b3 Rfb8 18.Bd5 b5 19.axb5 axb5 20.Bxc6 Qxc6 21.Ra1 Rxa1 22.Rxa1 Rc8
23.Nd5  1/2-1/2

[Event "BL2-O9697"]
[Site "Germany"]
[Date "1997.??.??"]
[Round "?.3"]
[White "Kaminski, Uwe"]
[Black "Hesse, Peter"]
[Result "1-0"]
[WhiteElo "2390"]
[BlackElo "2330"]

1.e4 d6 2.d4 Nf6 3.Nc3 e5 4.Nf3 Nbd7 5.Bc4 Be7 6.O-O O-O 7.Re1 c6 8.a4 b6
9.b3 a6 10.Bb2 Rb8 11.Bd3 b5 12.Ne2 Qc7 13.Ng3 Re8 14.axb5 axb5 15.Qd2 Bf8
16.Ra2 c5 17.dxe5 Nxe5 18.Nxe5 dxe5 19.c4 Be6 20.Qc2 bxc4 21.bxc4 Bd6 22.Bc3 Nd7
23.Nf1 Nb6 24.Ne3 g6 25.Rea1 Nc8 26.Ra6 Qd8 27.Rb1 Ne7 28.Rxb8 Bxb8 29.Nd5 Nxd5
30.cxd5 Bc8 31.Ra1 Bd6 32.Bb5 Rf8 33.Bd2 Qh4 34.Be3 Qe7 35.Bc6 f5 36.f3 fxe4
37.fxe4 Bd7 38.Rc1 Bxc6 39.dxc6 Rc8 40.Qc4+ Kg7 41.Qd5 Rd8 42.Rb1 Bc7 43.Bxc5 Qg5
44.Qe6 Kh6 45.Rf1 Ba5 46.Qf7 Rh8 47.Bf8+ Kh5 48.Rf5  1-0

[Event "BL9798 (Women)"]
[Site "Germany"]
[Date "1997.??.??"]
[Round "?.1"]
[White "Borulia, Ekaterina"]
[Black "Dworakowska, Joanna"]
[Result "1/2-1/2"]
[WhiteElo "2375"]
[BlackElo "2305"]

1.e4 d6 2.d4 Nf6 3.Nc3 e5 4.dxe5 dxe5 5.Qxd8+ Kxd8 6.Bc4 Be6 7.Bxe6 fxe6
8.Be3 Nbd7 9.f3 Bd6 10.Nh3 a6 11.a4 Ke7 12.Nf2 Raf8 13.Ke2 Rhg8 14.Nd3 Nb8
15.Nb1 Nh5 16.g3 Nd7 17.Nd2 g5 18.c4 c6 19.c5 Bc7 20.b4 g4 21.fxg4 Rxg4 22.Nf2 Rgg8
23.b5 Ba5 24.Rab1 axb5 25.axb5 Bc3 26.Nc4 Bd4 27.bxc6 bxc6 28.Rb7 Rb8 29.Rhb1 Kf6
30.Rxb8 Nxb8 31.Rb7 h6 32.Nd6 Kg6 33.Bxd4 exd4 34.Nd3 Ng7 35.Nf4+ Kf6 36.Rf7+ Kg5
37.Rxg7+ Rxg7 38.Nxe6+ Kg6 39.Nxg7 Na6 40.Ne6 Kf6 41.Nxd4 Nxc5 42.Nxc6 Ke6
43.Nf5 Nxe4 44.Nxh6 Kf6 45.Ke3  1/2-1/2

[Event "BL2-S9697"]
[Site "Germany"]
[Date "1997.??.??"]
[Round "?.6"]
[White "Eisele, Steffen"]
[Black "Kraenzle, Harald"]
[Result "1-0"]
[WhiteElo "2125"]
[BlackElo "2250"]

1.e4 d6 2.d4 Nf6 3.Nc3 Nbd7 4.Bc4 e5 5.Nf3 Be7 6.Qe2 O-O 7.g4 exd4 8.Nxd4 Ne5
9.g5 Ne8 10.Rg1 c5 11.Nf5 Be6 12.Nd5 Bxd5 13.Bxd5 Nc7 14.c4 Ne6 15.Rg3 Nc6
16.Qh5 h6 17.Nxh6+ gxh6 18.Qxh6  1-0

[Event "BL2-O9697"]
[Site "Germany"]
[Date "1997.??.??"]
[Round "?.2"]
[White "Roth, Norbert"]
[Black "Hesse, Peter"]
[Result "1/2-1/2"]
[WhiteElo "2285"]
[BlackElo "2330"]

1.e4 d6 2.d4 Nf6 3.Nc3 e5 4.dxe5 dxe5 5.Qxd8+ Kxd8 6.Bc4 Bb4 7.Nf3 Nc6 8.O-O Be6
9.Rd1+ Bd6 10.Bb5 Bg4 11.Bxc6 bxc6 12.Rd3 Nd7 13.Na4 Ke7 14.Be3 Nb6 15.Nc3 f6
16.b3 Rhd8 17.Ne2 Ba3 18.Rad1 Rxd3 19.Rxd3 a5 20.Kf1 a4 21.Nd2 Bb4 22.f3 Be6
23.c3 axb3 24.axb3 Bd6 25.c4 Nd7 26.Nc3 Ra1+ 27.Ke2 Bb4 28.Na4 Ra2 29.Kd1  1/2-1/2

[Event "BL2-O9697"]
[Site "Germany"]
[Date "1997.??.??"]
[Round "?.2"]
[White "Bus, Mariusz"]
[Black "Roesch, Arnd"]
[Result "1/2-1/2"]
[WhiteElo "2385"]
[BlackElo "2345"]

1.e4 d6 2.d4 Nf6 3.Nc3 e5 4.Nf3 Nbd7 5.Bc4 Be7 6.O-O O-O 7.Re1 c6 8.a4 b6
9.b3 a6 10.Bb2 Bb7 11.Bf1 Re8 12.g3 b5 13.axb5 axb5 14.Bg2 Bf8 15.Rxa8  1/2-1/2

[Event "BL2-O9697"]
[Site "Germany"]
[Date "1997.??.??"]
[Round "?.1"]
[White "Bezold, Michael"]
[Black "Spiess, Gunter"]
[Result "1-0"]
[WhiteElo "2500"]
[BlackElo "2410"]

1.d4 d6 2.e4 Nf6 3.Nc3 e5 4.Nge2 Nc6 5.h3 Be7 6.Be3 a6 7.d5 Na5 8.Ng3 c5
9.Be2 b5 10.O-O O-O 11.Nb1 Rb8 12.Nd2 Nxe4 13.Ndxe4 f5 14.b3 fxe4 15.Nxe4 Bf5
16.Ng3 Bg6 17.Bh5 Bxh5 18.Qxh5 Bf6 19.Ne4 Rb7 20.Bd2 Rbf7 21.Qg4 Nb7 22.Qe2 Qb6
23.Be3 Be7 24.Rfc1 Rc8 25.b4 Qd8 26.c4 Qd7 27.a4 bxa4 28.bxc5 Nxc5 29.Bxc5 dxc5
30.Rcb1 Bd8 31.Qc2 Ba5 32.Rxa4 Bb4 33.Rxa6 Rcf8 34.Ng5 Rxf2 35.Qxh7+  1-0

[Event "Oberliga Nord W9798"]
[Site "Germany"]
[Date "1997.??.??"]
[Round "?.6"]
[White "Kaimer, Thomas"]
[Black "Dornieden, Manfred"]
[Result "1-0"]
[WhiteElo "2185"]
[BlackElo "2270"]

1.e4 d6 2.d4 Nf6 3.Nc3 e5 4.Nf3 Nc6 5.h3 Bd7 6.Bc4 exd4 7.Nxd4 Be7 8.O-O O-O
9.f4 a6 10.a4 b6 11.Be3 Nxd4 12.Bxd4 Bc6 13.Qe2 Qd7 14.Rad1 Qe8 15.e5 Nd7
16.exd6 Bxd6 17.Qg4 g6 18.Rde1 Qd8 19.f5 h5 20.Qxg6+  1-0

[Event "Oberliga Ost B9798"]
[Site "Germany"]
[Date "1997.??.??"]
[Round "?.3"]
[White "Ginsburg, Gennadij"]
[Black "Paehtz, Thomas Sr"]
[Result "1-0"]
[WhiteElo "2485"]
[BlackElo "2480"]

1.e4 d6 2.d4 Nf6 3.Nc3 e5 4.dxe5 dxe5 5.Qxd8+ Kxd8 6.Bc4 Be6 7.Bxe6 fxe6
8.f3 Bc5 9.Na4 Bb4+ 10.c3 Bd6 11.Be3 Nbd7 12.c4 Nb6 13.Nxb6 axb6 14.Ne2 Ke7
15.Nc3 Bb4 16.Kd2 Nd7 17.Kc2 h6 18.Rhd1 Bc5 19.Bxc5+ Nxc5 20.b4 Na6 21.Kb3 Rad8
22.Rxd8 Rxd8 23.Rd1 Rxd1 24.Nxd1 Nb8 25.c5 bxc5 26.bxc5 Nc6 27.Kc4 h5 28.Nf2 Kf6
29.a4 Kg5 30.Nd3 h4 31.Nb4 h3 32.gxh3 Nxb4 33.Kxb4 Kf4 34.Kb5 Kxf3 35.a5 Kxe4
36.c6 bxc6+ 37.Kc4 Kf3 38.a6 e4 39.a7 e3 40.a8=Q e2 41.Qa3+  1-0

[Event "BL2-S9697"]
[Site "Germany"]
[Date "1997.??.??"]
[Round "?.6"]
[White "Roos, Jean Luc"]
[Black "Bialas, Wolfram"]
[Result "1/2-1/2"]
[WhiteElo "2305"]
[BlackElo "2335"]

1.e4 d6 2.d4 Nf6 3.Nc3 Nbd7 4.Nf3 e5 5.Bc4 Be7 6.O-O O-O 7.h3 c6 8.a4 Qc7
9.Qe2 a6 10.a5 exd4 11.Nxd4 Re8 12.Nb3 Bf8 13.Bf4 Ne5 14.Bxe5 dxe5 15.Na4 Be6
16.Nb6 Rad8 17.Rfd1 Bc8 18.c3 Nd7 19.Nxc8 Rxc8 20.Qe3 Rcd8  1/2-1/2

[Event "BL2-S9697"]
[Site "Germany"]
[Date "1997.??.??"]
[Round "?.3"]
[White "Beikert, Guenther"]
[Black "Schmidt Schaeffer, Sebastian"]
[Result "1-0"]
[WhiteElo "2435"]
[BlackElo "2395"]

1.e4 d6 2.d4 Nf6 3.Nc3 Nbd7 4.f4 e5 5.Be2 c6 6.Nf3 exd4 7.Nxd4 g6 8.O-O Bg7
9.Nb3 Qe7 10.Bd3 O-O 11.Qf3 Rb8 12.Bd2 b6 13.Rae1 Bb7 14.Qh3 Rbd8 15.Re2 Rfe8
16.f5 Ne5 17.Bg5 Bc8 18.Qh4 gxf5 19.exf5 d5 20.Nd4 Qd6 21.Bf4 Ne4 22.Nxe4 dxe4
23.Rxe4 Qc5 24.Be3 Qd6 25.f6 Ng6 26.Rxe8+ Rxe8 27.Bxg6  1-0

[Event "BL2-O9697"]
[Site "Germany"]
[Date "1997.??.??"]
[Round "?.1"]
[White "Vorotnikov, Vladislav V"]
[Black "Jansa, Vlastimil"]
[Result "1-0"]
[WhiteElo "2495"]
[BlackElo "2490"]

1.d4 d6 2.e4 Nf6 3.Nc3 Nbd7 4.Nf3 e5 5.Bc4 Be7 6.O-O O-O 7.a4 c6 8.Ba2 b6
9.Re1 a6 10.Bg5 h6 11.Bh4 Nh7 12.Bg3 Ng5 13.Nxg5 hxg5 14.Qd2 Rb8 15.Nd1 Bf6
16.c3 b5 17.axb5 axb5 18.Ne3 Nb6 19.Rad1 Qc7 20.Qe2 b4 21.dxe5 dxe5 22.cxb4 Qe7
23.b5 cxb5 24.Qxb5 Qa7 25.Ra1 Qb7 26.f3 Bd7 27.Qe2 Na4 28.Bd5 Qb6 29.Reb1 Qd4
30.Qf2 Rxb2 31.Rxb2 Qxb2 32.Qxb2 Nxb2 33.Ra7 Be6 34.Bxe6 fxe6 35.Rd7 Rc8
36.Rd2 Rc1+ 37.Kf2 Nc4 38.Nxc4 Rxc4 39.Ke2 Kf7 40.h3 Ra4 41.Rc2 Ke7 42.Be1 Kf7
43.Kf2 Ra1 44.Bd2 Kg6 45.Kg3 Ra3 46.Kg4 Rd3 47.Bc1 Rd1 48.Rc6 Rg1 49.g3 Rd1
50.Be3 Rd3 51.Bb6 Kf7 52.Bc7 Rd7 53.Bd6 Rd8 54.Rb6 Rd7 55.Bb8 Rd8 56.Rb5 Rd7
57.Bxe5 Kg6 58.Bb8 Bd8 59.Rc5 Bf6 60.Rc6 Kf7 61.Bd6 Rb7 62.Rc8 Rb5 63.f4 gxf4
64.gxf4 Rb7 65.Rf8+ Kg6 66.e5 Rd7 67.h4 Be7 68.h5+ Kh7 69.Rf7 Rxd6 70.exd6 Bxd6
71.Kg5 Bb4 72.h6 Bc3 73.hxg7  1-0

[Event "Bundesliga 9697"]
[Site "Germany"]
[Date "1997.??.??"]
[Round "?.8"]
[White "Goetz, Ralph"]
[Black "Dresen, Ulrich"]
[Result "0-1"]
[WhiteElo "2310"]
[BlackElo "2260"]

1.e4 d6 2.d4 Nf6 3.Nc3 e5 4.Nf3 Nbd7 5.Bc4 Be7 6.O-O O-O 7.Re1 c6 8.a4 Qc7
9.b3 Nb6 10.Be2 Bg4 11.h3 Bxf3 12.Bxf3 a5 13.Bb2 Rfe8 14.Qd2 Rad8 15.d5 Rc8
16.Rac1 h6 17.h4 Nbd7 18.g3 Qb6 19.Nd1 Nc5 20.Bc3 cxd5 21.exd5 Qc7 22.Bb2 Bd8
23.Bg2 Qd7 24.Bc3 Bb6 25.Rb1 Qc7 26.Qe2 Ba7 27.Qb5 Ncd7 28.Re2 Ra8 29.Bb2 Ng4
30.Bh3 Ndf6 31.Kg2 e4 32.Ba3 h5 33.Bc1 Bc5 34.Bf4 Nxd5 35.Bg5 Qc6 36.Qc4 Nb4
37.Qc3 d5 38.Qd2 d4 39.Qf4 Bd6 40.Qf5 g6 41.Qb5 Nd5 42.Qxc6 bxc6 43.Bd2 f5
44.Nb2 Ne5 45.Nc4 Bb4 46.Nxe5 Rxe5 47.Rd1 Bxd2 48.Rdxd2 c5 49.Kg1 Kg7 50.Re1 Nc3
51.Bf1 Rae8 52.Bc4 f4 53.gxf4 Rf5 54.f3 Rxf4 55.fxe4 Rexe4 56.Rxe4 Nxe4 57.Rh2 Rg4+
58.Kf1 Ng3+ 59.Ke1 Nf5 60.Re2 Ne3 61.Rh2 Rxh4  0-1

[Event "Landesliga Nord 9697 Bayern"]
[Site "Germany"]
[Date "1997.??.??"]
[Round "?"]
[White "Ittner, Hans"]
[Black "Angermueller, Oliver"]
[Result "1/2-1/2"]
[WhiteElo "2055"]
[BlackElo "2095"]

1.d4 d6 2.e4 Nf6 3.Nc3 e5 4.Nf3 Nbd7 5.Bc4 Be7 6.h3 O-O 7.O-O c6 8.a4 b6
9.Re1 a6 10.b3 Bb7 11.Ba3 Qc7 12.dxe5 Nxe5 13.Bf1 b5 14.Qe2 Rfe8 15.Qe3 Bf8
16.Nxe5 dxe5 17.Bxf8 Rxf8 18.Qc5 Nd7 19.Qe3 Rfd8 20.Be2 Nf8 21.Bg4 b4 22.Ne2 c5
23.Rad1 Rxd1 24.Rxd1 Bc8 25.Rd5 Bxg4 26.Rxc5 Qxc5 27.Qxc5 Bxe2 28.Qxb4 Ne6
29.Kh2 Rd8 30.c4 h6 31.Qb6 Bd3 32.f3 Bc2 33.c5 Rc8 34.c6 a5 35.Qxa5 Bxb3
36.Qb4 Nd4 37.c7 Be6 38.Qb6 Nb3 39.a5 Nxa5 40.Qxa5 f6 41.Qc5 Kf7 42.Qd6 Re8
43.Kg3 g5 44.Kf2 Bc8 45.Ke3 Be6 46.Kd2 h5 47.Kc3 h4 48.Kb4 Bc8 49.Kc5 Be6
50.Qd2 Bc8 51.Qa2+ Be6 52.Qa3 Bc8 53.Kd5 Be6+ 54.Kc5 Bc8 55.Qa7 Ke7 56.Qb6 Kf7
57.Qd6 Be6 58.Qd8 Bc8 59.Kb4 Be6 60.Kc3 Bc8  1/2-1/2

[Event "BL2-N9798"]
[Site "Germany"]
[Date "1997.??.??"]
[Round "3.3"]
[White "Mortensen, Erling"]
[Black "Plueg, Andreas"]
[Result "1-0"]
[WhiteElo "2455"]
[BlackElo "2375"]

1.e4 d6 2.d4 Nf6 3.Nc3 Nbd7 4.f4 e5 5.Nf3 Be7 6.dxe5 dxe5 7.fxe5 Ng4 8.Bf4 Bc5
9.Bc4 O-O 10.Qe2 Qe8 11.O-O-O Ndxe5 12.Bb3 c6 13.Na4 Ng6 14.Nxc5 Nxf4 15.Qd2 Ng6
16.h3 N4e5 17.h4 Qe7 18.Nd3 h6 19.Ndxe5 Nxe5 20.Qd6 Qxd6 21.Rxd6 Nd7 22.Re1 Re8
23.e5 Nc5 24.Nd4 Nxb3+ 25.Nxb3 Bg4 26.Nc5 Re7 27.Re4 h5 28.b3 Rae8 29.Rb4 b6
30.Nd3 c5 31.Rf4 Be2 32.Kd2 Bxd3 33.Kxd3 Rxe5 34.Rd7 R5e7 35.Rxe7 Rxe7 36.Rf5 Rd7+
37.Ke3 g6 38.Rf6 Kf8 39.Rc6 Ke7 40.a4 Rd6 41.Rc7+ Rd7 42.Rc6 Kd8 43.a5 Re7+
44.Kf4 Re6 45.Rxe6 fxe6 46.Ke5 Ke7 47.a6 Kf7 48.c3 Ke7 49.c4 Kf7 50.Kd6 Kf6
51.Kc6 Ke7 52.Kb7 Kd7 53.Kxa7 Kc7 54.Ka8 e5 55.g4 hxg4 56.h5 gxh5 57.b4 cxb4
58.c5 b3 59.a7 b2 60.cxb6+ Kxb6 61.Kb8 b1=Q 62.a8=Q Qh7  1-0

[Event "NRW-Liga 9798"]
[Site "Germany"]
[Date "1997.??.??"]
[Round "3.5"]
[White "Kley, Thomas"]
[Black "Dormann, Lars"]
[Result "1-0"]
[WhiteElo "2195"]
[BlackElo "2270"]

1.e4 d6 2.d4 Nf6 3.Nc3 e5 4.dxe5 dxe5 5.Qxd8+ Kxd8 6.Bc4 Be6 7.Bxe6 fxe6
8.f3 Bc5 9.Na4 Bb4+ 10.c3 Bd6 11.Be3 Nbd7 12.c4 Nb6 13.Nxb6 axb6 14.Nh3 Ke7
15.Nf2 Ra4 16.b3 Ra3 17.Bc1 Bb4+ 18.Ke2 Ra5 19.Bb2 Rha8 20.a4 Nd7 21.Nd3 Bd6
22.Bc3 R5a7 23.f4 exf4 24.e5 Bc5 25.Nxf4 Rf8 26.Rhf1 Bg1 27.Nd3 Bxh2 28.Rxf8  1-0

[Event "Ruhr-ch Seniors 4th"]
[Site "Germany"]
[Date "1997.??.??"]
[Round "4"]
[White "Stemmer, Harald"]
[Black "Simsheuser, Josef"]
[Result "0-1"]
[WhiteElo "1950"]
[BlackElo "1960"]

1.e4 d6 2.d4 Nf6 3.Nc3 Nbd7 4.Nf3 c6 5.Be2 e5 6.O-O Be7 7.h3 Qc7 8.a4 Nf8
9.Re1 Ng6 10.Be3 O-O 11.Qd2 Bd7 12.Bf1 Nh5 13.Rad1 Rad8 14.d5 c5 15.Nb5 Qb8
16.c4 Nhf4 17.h4 Bg4 18.Bxf4 Bxf3 19.gxf3 Nxf4 20.h5 Bg5 21.Kh2 Bh6 22.Qc2 Rd7  0-1

[Event "Goetzis IM4"]
[Site "Goetzis"]
[Date "1997.??.??"]
[Round "5"]
[White "Dobosz, Henryk"]
[Black "Todorov, Todor"]
[Result "1-0"]
[WhiteElo "2395"]
[BlackElo "2375"]

1.d4 d6 2.e4 Nf6 3.Nc3 e5 4.Nf3 Nbd7 5.g3 g6 6.Bg2 Bg7 7.O-O O-O 8.h3 Re8
9.Re1 c6 10.a4 a5 11.Be3 exd4 12.Bxd4 c5 13.Bxf6 Nxf6 14.Nd2 Be6 15.Nf1 h5
16.Nb5 Ra6 17.f4 h4 18.g4 g5 19.f5 Bc8 20.Nd2 d5 21.e5 Nd7 22.f6 Bh6 23.Nf3 Nf8
24.Nd6 Rxe5 25.Nxe5 Rxd6 26.Qd3 c4 27.Qd2 Qxf6 28.Rad1 Re6 29.Qxd5 Bg7 30.Qxc4 Rxe5
31.Qxc8 Rxe1+ 32.Rxe1 Qd4+ 33.Kh1 Be5 34.Qc3 Qxc3 35.bxc3 Bxc3 36.Re3 Bb4
37.Bxb7 Ne6 38.c3 Bd6 39.Rd3 Be5 40.c4 Kf8 41.Rd5 Bc7 42.c5 Ke7 43.Bc8 Bf4
44.Bxe6 fxe6 45.Rd1 e5 46.Kg2 e4 47.Rd4 e3 48.Kf3 Ke6 49.c6 Bc7 50.Rd7 Bb6
51.Ke2 Bc5 52.Rh7  1-0

[Event "Graz op"]
[Site "Graz"]
[Date "1997.??.??"]
[Round "6"]
[White "Havlicek, Josef"]
[Black "Laske, Erich"]
[Result "0-1"]
[WhiteElo "2200"]
[BlackElo "2025"]

1.e4 d6 2.d4 Nf6 3.Nc3 c6 4.Be2 b5 5.a3 Nbd7 6.Nf3 e5 7.Bg5 Be7 8.O-O Bb7
9.Qd2 O-O 10.Rad1 Qc7 11.Nh4 Rfe8 12.Nf5 Bf8 13.d5 cxd5 14.exd5 a6 15.Qe3 Kh8
16.h4 h6 17.Bxf6 Nxf6 18.g4 Qd7 19.Qh3 g6 20.Ne3 Nh5 21.Ne4 Nf4 22.Qf3 Be7
23.g5 hxg5 24.hxg5 Kg7 25.Rfe1 Rh8 26.Bf1 Rh5 27.Qg3 Rah8 28.Bg2 Qd8 29.Nf6 Bxf6
30.gxf6+ Qxf6 31.Ng4 Qf5 32.Be4 Qxe4  0-1

[Event "Sachsen-ch"]
[Site "Gruenheide"]
[Date "1997.??.??"]
[Round "?"]
[White "Peters, Andreas"]
[Black "Hesse, Peter"]
[Result "1/2-1/2"]
[WhiteElo "2315"]
[BlackElo "2330"]

1.e4 d6 2.d4 Nf6 3.Nc3 e5 4.Nge2 Nc6 5.f3 Be7 6.Be3 O-O 7.Qd2 a6 8.a4 exd4
9.Nxd4 Nxd4 10.Bxd4 Be6 11.Be2 d5 12.Bxf6 Bxf6 13.exd5 Bxc3 14.Qxc3 Bxd5
15.O-O c6 16.a5 Re8 17.Bd3 Qg5 18.Rae1 h5 19.Rxe8+ Rxe8 20.Re1 Rxe1+ 21.Qxe1 g6
22.h4 Qf4 23.Be4 Bxe4 24.fxe4 Qe5 25.Qb4 Qg3 26.Kf1 Qf4+ 27.Kg1 Qxh4 28.Qxb7 Qe1+
29.Kh2 Qxa5 30.c4 Qe5+ 31.Kh1 Qxe4 32.Qxa6 h4 33.b3 Qe1+ 34.Kh2 Qe5+ 35.Kh1 c5
36.Qa5 Kg7 37.Qd2 Qa1+ 38.Kh2 Qe5+ 39.Kh1 Qa1+ 40.Kh2 Qe5+  1/2-1/2

[Event "Perenyi  Memorial"]
[Site "Gyula"]
[Date "1997.??.??"]
[Round "10"]
[White "Estrella, J."]
[Black "Bezold, Michael"]
[Result "1/2-1/2"]
[WhiteElo "2340"]
[BlackElo "2500"]

1.e4 d6 2.d4 Nf6 3.Nc3 c6 4.f4 Qa5 5.e5 Ne4 6.Qf3 Nxc3 7.Bd2 Qd5 8.Qxc3 dxe5
9.dxe5 Bf5 10.Nf3 e6 11.Bc4 Qe4+ 12.Kd1 Bg4 13.Re1 Bxf3+  1/2-1/2

[Event "Perenyi  Memorial"]
[Site "Gyula"]
[Date "1997.??.??"]
[Round "12"]
[White "Gonzales, G."]
[Black "Ruck, Robert"]
[Result "1/2-1/2"]
[WhiteElo "2475"]
[BlackElo "2450"]

1.d4 d6 2.e4 Nf6 3.Nc3 Nbd7 4.Nf3 e5 5.Bc4 Be7 6.O-O O-O 7.Re1 c6 8.a4 a5
9.h3 Qc7 10.b3 Re8 11.Ng5 Rf8 12.Nf3 Re8  1/2-1/2

[Event "Wichern op"]
[Site "Hamburg"]
[Date "1997.??.??"]
[Round "1"]
[White "Movsesian, Sergei"]
[Black "Leiser, Sven"]
[Result "1-0"]
[WhiteElo "2555"]
[BlackElo "2225"]

1.e4 d6 2.d4 Nf6 3.Nc3 c6 4.h3 Qa5 5.Bd3 e5 6.Be3 b5 7.f4 b4 8.Nce2 Ba6 9.Nf3 Bxd3
10.Qxd3 d5 11.Ng3 exd4 12.Bxd4 Be7 13.O-O O-O 14.e5 Ne8 15.Nf5 Bc5 16.Ng5 g6
17.e6 f6 18.e7  1-0

[Event "Hanham op"]
[Site "Hanham"]
[Date "1997.??.??"]
[Round "2"]
[White "Helbig, Paul"]
[Black "Buckley, Melanie"]
[Result "0-1"]
[WhiteElo "2180"]
[BlackElo "2015"]

1.e4 d6 2.d4 Nf6 3.Nc3 e5 4.dxe5 dxe5 5.Qxd8+ Kxd8 6.Nf3 Bd6 7.Bg5 Be6 8.O-O-O Ke7
9.Nd5+ Bxd5 10.exd5 Re8 11.Bb5 Nd7 12.Rhe1 a6 13.Ba4 b5 14.Bb3 Kf8 15.c3 Ng8
16.Bh4 f6 17.Bc2 g6 18.g4 Ne7 19.Bg3 Nc8 20.Nd2 Ncb6 21.Ne4 Kf7 22.Bb3 Kg7
23.f4 exf4 24.Nxd6 cxd6 25.Bxf4 Rxe1 26.Rxe1 Ne5 27.Kc2 Rc8 28.g5 Nbd7 29.gxf6+ Kxf6
30.Rf1 Kg7 31.Bg3 a5 32.Kb1 Rc5 33.Bf2 Rc8 34.Bd4 a4 35.Bd1 Nf6 36.Be2 Nxd5
37.Bxb5 a3 38.c4 Ne7 39.c5 Nf5 40.Bd7 Nxd4 41.Bxc8 dxc5 42.b3 Nef3 43.Rc1 Nd2+
44.Ka1 N4xb3+ 45.axb3 Nxb3+ 46.Kb1 a2+ 47.Kxa2 Nxc1+ 48.Kb2 Nd3+ 49.Kc3 Ne5
50.Bb7 Kf6 51.Kd2 Kf5 52.Ke2 Kf4 53.Bd5 g5 54.h3 Kg3 55.Be6 Nf3 56.Kf1 h5
57.Bf7 h4 58.Be6 Ne5 59.Ke2 Ng6 60.Kf1 Nf4 61.Bc4 Nxh3 62.Bb5  0-1